<?xml version="1.0" encoding="UTF-8"?>
<collection xmlns="http://www.loc.gov/MARC21/slim">
 <record>
  <leader>02584naa a2200241 i 4500</leader>
  <controlfield tag="001">acta57750</controlfield>
  <controlfield tag="005">20220110121848.0</controlfield>
  <controlfield tag="008">190528s2015    hu      o     0||   hun d</controlfield>
  <datafield tag="020" ind1=" " ind2=" ">
   <subfield code="a">978-963-306-416-0</subfield>
  </datafield>
  <datafield tag="022" ind1=" " ind2=" ">
   <subfield code="a">2061-5353</subfield>
  </datafield>
  <datafield tag="040" ind1=" " ind2=" ">
   <subfield code="a">SZTE Egyetemi Kiadványok Repozitórium</subfield>
   <subfield code="b">hun</subfield>
  </datafield>
  <datafield tag="041" ind1=" " ind2=" ">
   <subfield code="a">hun</subfield>
  </datafield>
  <datafield tag="100" ind1="1" ind2=" ">
   <subfield code="a">Laczi Renáta</subfield>
  </datafield>
  <datafield tag="245" ind1="1" ind2="2">
   <subfield code="a">A versenyképesség humán aspektusai az Európai Unióban</subfield>
   <subfield code="h">[elektronikus dokumentum] /</subfield>
   <subfield code="c"> Laczi Renáta</subfield>
  </datafield>
  <datafield tag="260" ind1=" " ind2=" ">
   <subfield code="c">2015</subfield>
  </datafield>
  <datafield tag="300" ind1=" " ind2=" ">
   <subfield code="a">39-51</subfield>
  </datafield>
  <datafield tag="490" ind1="0" ind2=" ">
   <subfield code="a">Műhelytanulmányok</subfield>
   <subfield code="v">15</subfield>
  </datafield>
  <datafield tag="490" ind1="0" ind2=" ">
   <subfield code="a">TDK műhelytanulmányok : „első szárnypróbáltatások”</subfield>
   <subfield code="v">15</subfield>
  </datafield>
  <datafield tag="520" ind1="3" ind2=" ">
   <subfield code="a">A 2008-as gazdasági válság, amely alapjaiban rázta meg az Európai Uniót, egyben lehetőséget is teremtett a növekedés új forrásainak felfedezésére. Az Európai Unió számos célkitűzése hangsúlyozta már, hogy az olyan növekedés a kívánt, amely során egyszerre valósul meg a gazdasági és társadalmi kohézió – ez a legújabb növekedési stratégia, az Európa 2020 esetében sincs másképp. Az áhított gazdasági növekedés egyik fontos tényezője a versenyképesség. A dolgozatom kiindulási pontja az, hogy megfelelő társadalmi környezet nélkül a versenyképesség javítása nem lehetséges. Kutatásom a szociális dimenzió két elemét vizsgálja: egyrészről a humán tőkét, másrészről pedig a társadalmi kohéziót, valamint ezek összefüggéseit az Európai Unió tagállamainak versenyképességével. Vizsgálódásom során földrajzi szempontok alapján országcsoportokat alkottam, előtérbe hozva a területi kohézió dimenzióját is. A dolgozatomban végzett elemzések és összehasonlítások alapján elmondható, hogy a versenyképesség tekintetében fontos szerepe van a társadalmi dimenziónak. A megfelelő humán tőke és a társadalmi kohézió egyaránt előfeltételei a versenyképességnek. Az egyes országcsoportok közötti különbségek az Európai Unión belüli megosztottságot sugallják; a törésvonal elsősorban a centrum és periféria országai között figyelhető meg. Ezek a belső egyensúlytalanságok pedig az unió egészére mint gazdasági egységre negatív hatással vannak. Az Európai Unió jövője szempontjából a tagállamok közötti különbségek mérséklése kulcsfontosságú kérdés.</subfield>
  </datafield>
  <datafield tag="650" ind1=" " ind2="4">
   <subfield code="a">Társadalomtudományok</subfield>
  </datafield>
  <datafield tag="650" ind1=" " ind2="4">
   <subfield code="a">Közgazdasági és gazdálkodástudományok</subfield>
  </datafield>
  <datafield tag="695" ind1=" " ind2=" ">
   <subfield code="a">Versenyképesség - Európai Unió, Humán tőke</subfield>
  </datafield>
  <datafield tag="856" ind1="4" ind2="0">
   <subfield code="u">http://acta.bibl.u-szeged.hu/57750/1/muhelytanulmanyok_015_039-051.pdf</subfield>
   <subfield code="z">Dokumentum-elérés </subfield>
  </datafield>
 </record>
</collection>
